000
00311nam a2200145Ia 4500
100
_a
Rivola/Luigi
650
_a
Carpentery
942
_c
BK
654
_a
Racing Motor cycles
245
_a
Racing Motor Cycles
260
_b
Galley Press
_a
Italy
_c
1977
082
_a
629.2
300
_a
320
546
_a
ENGLISH
999
_c
34352
_d
34352